ARRUPE JESUIT UNIVERSITY

CORONAVIRUS -STOP THE SPREAD - CLEAN,DISINFECT,COVER

Malawi Congress Party manifesto, general election, 1961. (Record no. 121748)

MARC details
000 -LEADER
fixed length control field 00735cam a2200241 4500
001 - CONTROL NUMBER
control field 4575873
003 - CONTROL NUMBER IDENTIFIER
control field ARRUPE
005 - DATE AND TIME OF LATEST TRANSACTION
control field 20150116175238.0
008 - FIXED-LENGTH DATA ELEMENTS--GENERAL INFORMATION
fixed length control field 760527s1961 mw c 100 0 eng
010 ## - LIBRARY OF CONGRESS CONTROL NUMBER
LC control number 74191172
040 ## - CATALOGING SOURCE
Original cataloging agency DLC
Transcribing agency DLC
Modifying agency DLC
043 ## - GEOGRAPHIC AREA CODE
Geographic area code f-mw---
050 00 - LIBRARY OF CONGRESS CALL NUMBER
Classification number SPC JQ2941.A98
Item number M3 1961
082 00 - DEWEY DECIMAL CLASSIFICATION NUMBER
Classification number 324.26897/083
300 ## - PHYSICAL DESCRIPTION
Other physical details port.
Dimensions 21 cm.
110 2# - MAIN ENTRY--CORPORATE NAME
Corporate name or jurisdiction name as entry element Malawi Congress Party.
9 (RLIN) 14176
245 10 - TITLE STATEMENT
Title Malawi Congress Party manifesto, general election, 1961.
260 ## - PUBLICATION, DISTRIBUTION, ETC. (IMPRINT)
Place of publication, distribution, etc [Limbe, Nyasaland,
Date of publication, distribution, etc 1961
Name of publisher, distributor, etc Malawi Congress Party
300 ## - PHYSICAL DESCRIPTION
Extent 16 p.
610 20 - SUBJECT ADDED ENTRY--CORPORATE NAME
Corporate name or jurisdiction name as entry element Malawi Congress Party.
9 (RLIN) 14177
651 #0 - SUBJECT ADDED ENTRY--GEOGRAPHIC NAME
Geographic name Malawi
General subdivision Politics and government.
9 (RLIN) 14178
906 ## - LOCAL DATA ELEMENT F, LDF (RLIN)
a 7
b cbc
c orignew
d u
e ncip
f 19
g y-gencatlg
942 ## - ADDED ENTRY ELEMENTS (KOHA)
Source of classification or shelving scheme Library of Congress Classification
Koha item type SPC
Holdings
Withdrawn status Lost status Source of classification or shelving scheme Damaged status Not for loan Home library Current library Shelving location Date acquired Total Checkouts Full call number Barcode Date last seen Price effective from Koha item type
    Library of Congress Classification     ARRUPE LIBRARY ARRUPE LIBRARY Main Collection 16/01/2015   SPC JQ2941.A98 M3 1961 46500003298 16/01/2015 16/01/2015 SPC

 

Arrupe Library. PO Box MP320 Mt Pleasant, Harare, Zimbabwe
263 242 745411|librarian@aju.ac.zw